00770 2200265 4500001002100000005001700021008004100038035002400079082001200103090001900115100003600134245014300170260002500313300002400338500001100362650001800373700001800391700002000409700001600429850001500445980001100460985000600471986001200477999001500489YOGYA-0209000000397020090227020654.0 ind  0010-020900000003970 a631.521 a631.521bPer B aPERRIERE, Robert Ali Brac de la aPerave new seedsbthe thre at of gm crops to farmerscRobert Ali Brac de la Perriere, Frank Seuret; penerjemah, Manisha Sovami, Vojaya Rao a[s.l]b[s.n.]c[s.a] axii, 147 hlmc20 cm aIndeks aBibit tanaman aSeuret, Frank aSovami, Manisha aRao, Vijaya aYOPDYOG(B) a040406 a1 aMsRTREV a02A0000110